| 000 | 00943nam a22002897a 4500 | ||
|---|---|---|---|
| 001 | BR7604548 | ||
| 003 | BR-BrBNA | ||
| 005 | 20230928085117.0 | ||
| 007 | ta | ||
| 008 | 230509b bl.||||| |||| 00| 0 por d | ||
| 040 |
_aBR-BrBNA _bpor _cBiblioteca Nacional de Agricultura |
||
| 041 | _a(Por) | ||
| 072 |
_aE10; M00 _b/G514 |
||
| 090 | _ E10 BR7604548 | ||
| 100 | 1 | _aMencia-Morales, F. | |
| 110 | 1 |
_aFAO, Brasilia, DF (Brasil); _94523 |
|
| 110 | 1 |
_aBID, Washington, DC (USA) _91262 |
|
| 245 | 1 | _aProjeto coordenado de investimentos no setor pesqueiro do Brasil. Anexos do volume 1-2. Relatorio n. 1/75 Brasil. Julho de 1975 - revisto. Maio de 1976 - atualizado | |
| 260 | 3 |
_aWashington, DC (USA): _c1976. |
|
| 300 | _a109 p. | ||
| 500 | _aBibliography (62 ref.); 20 tables; 9 illus. | ||
| 650 | _aPROJETO DE DESENVOLVIMENTO | ||
| 650 | _aPESCA | ||
| 650 | _aINVESTIMENTO | ||
| 909 |
_a202309 _bLucia _c55 _dLucia Elande |
||
| 942 | _cBK | ||
| 999 |
_c22848 _d22848 |
||